000
00300nam a2200121Ia 4500
008
190216s9999||||xx |||||||||||||| ||und||
100
_a
Ved Prakash Soni
245
0
_a
Hindi-Bharath Ke Samskrithik Kenra Mayoora
260
_b
Gourav Prakashan
_c
2010
300
_a
192
650
_a
Hindi
942
_c
BK
999
_c
16892
_d
16892